000 01020na a2200301 4500
001 14522
003 MIRAKIL
005 20181213155305.0
008 160923b tu 000 0
020 _a9751409888
035 _a14522
040 _aMilas
_btur
_cTR-AnCHP
082 _aATA 923.156
_bM25a 1999
090 _aATA 923.156 M25a 1999
100 _aMango, Andrew
245 _aAtatürk
_bmodern Türkiye'nin kurucusu
_cAndrew Mango ; Türkçesi Füsun Doruker
246 _aModern Türkiye
260 _aİstanbul
_bRemzi
_c1999
300 _a750 s.
_bres. ; hrt.
_c21 sm.
500 _aÖzgün yapıt adı: Atatürk :The biography of the founder modern Turkey.
504 _aKaynakça ve dizin var.
600 _aAtatürk, Mustafa Kemal
_d1881- 1938
_xAtatürk devrimleri
600 _aAtatürk, Mustafa Kemal
_d1881-1938
_xYaşamöyküsü
650 _aCumhurbaşkanları
_xTarih
_y20. yüzyıl
_zTürkiye
650 _aTürkiye Cumhuriyeti
_xTarih
700 _aDoruker, Füsun
942 _2dcc
_cBKS
999 _c10034
_d10034